<?xml version="1.0" encoding="UTF-8"?>
<collection xmlns="http://www.loc.gov/MARC21/slim">
    <record>
        <controlfield tag="001">96021</controlfield>
        <controlfield tag="005">20201029165924.0</controlfield>
        <datafield tag="024" ind1="7" ind2=" ">
            <subfield code="2">doi</subfield>
            <subfield code="a">10.17235/reed.2018.5288/2017</subfield>
        </datafield>
        <datafield tag="024" ind1="8" ind2=" ">
            <subfield code="2">sideral</subfield>
            <subfield code="a">112466</subfield>
        </datafield>
        <datafield tag="037" ind1=" " ind2=" ">
            <subfield code="a">ART-2019-112466</subfield>
        </datafield>
        <datafield tag="041" ind1=" " ind2=" ">
            <subfield code="a">eng</subfield>
        </datafield>
        <datafield tag="100" ind1=" " ind2=" ">
            <subfield code="0">(orcid)0000-0001-7559-1763</subfield>
            <subfield code="a">Andrés Lasheras, Sara</subfield>
        </datafield>
        <datafield tag="245" ind1=" " ind2=" ">
            <subfield code="a">Incidence and characterization of Clostridium difficile in a secondary care hospital in Spain</subfield>
        </datafield>
        <datafield tag="260" ind1=" " ind2=" ">
            <subfield code="c">2019</subfield>
        </datafield>
        <datafield tag="506" ind1="0" ind2=" ">
            <subfield code="a">Access copy available to the general public</subfield>
            <subfield code="f">Unrestricted</subfield>
        </datafield>
        <datafield tag="520" ind1="3" ind2=" ">
            <subfield code="a">INTRODUCTION: Clostridium difficile (C. difficile) is a major nosocomial infectious agent in hospitals. Previous studies have addressed the high proportion of infection episodes that are overlooked in health care facilities. OBJECTIVE: the main aim of this study was to characterize C. difficile clinical cases that occurred in a secondary care hospital during a five-month period. MATERIAL AND METHODS: for this purpose, a total of 137 stool samples from the same number of patients with diarrhea were analyzed for the presence of C. difficile by culture techniques. An enzyme immunoassay (EIA) test for the detection of C. difficile and its toxins was also used in 50 cases (36.5%) for diagnostic purposes. 
RESULTS: a total of 14 (10.2%) C. difficile isolates were obtained, of which nine (64.3%) were toxigenic. A mean incidence of 3.2 episodes of C. difficile infections (CDI) per 10, 000 patients-days was estimated for the study period. Around 56% of the CDI cases were determined as hospital-acquired, whereas 44% originated in the community. Among these, only two episodes (22.2%) were detected in the hospital by the EIA test, which indicated that the hospital CDI detection protocol needed to be revised. One unusual C. difficile isolate was negative for all toxin genes examined and also for the non-toxigenic strain assay, which highlights the need to perform genome sequencing to study its pathogenicity locus insertion site organization. A stable metronidazole-resistant C. difficile strain and three strains showing multidrug resistance were detected in this study, suggesting that C. difficile antimicrobial susceptibility surveillance programs should be established in this health-care facility.</subfield>
        </datafield>
        <datafield tag="540" ind1=" " ind2=" ">
            <subfield code="9">info:eu-repo/semantics/openAccess</subfield>
            <subfield code="a">by</subfield>
            <subfield code="u">http://creativecommons.org/licenses/by/3.0/es/</subfield>
        </datafield>
        <datafield tag="590" ind1=" " ind2=" ">
            <subfield code="a">1.591</subfield>
            <subfield code="b">2019</subfield>
        </datafield>
        <datafield tag="591" ind1=" " ind2=" ">
            <subfield code="a">GASTROENTEROLOGY &amp; HEPATOLOGY</subfield>
            <subfield code="b">81 / 88 = 0.92</subfield>
            <subfield code="c">2019</subfield>
            <subfield code="d">Q4</subfield>
            <subfield code="e">T3</subfield>
        </datafield>
        <datafield tag="592" ind1=" " ind2=" ">
            <subfield code="a">0.383</subfield>
            <subfield code="b">2019</subfield>
        </datafield>
        <datafield tag="593" ind1=" " ind2=" ">
            <subfield code="a">Medicine (miscellaneous)</subfield>
            <subfield code="c">2019</subfield>
            <subfield code="d">Q3</subfield>
        </datafield>
        <datafield tag="593" ind1=" " ind2=" ">
            <subfield code="a">Gastroenterology</subfield>
            <subfield code="c">2019</subfield>
            <subfield code="d">Q3</subfield>
        </datafield>
        <datafield tag="655" ind1=" " ind2="4">
            <subfield code="a">info:eu-repo/semantics/article</subfield>
            <subfield code="v">info:eu-repo/semantics/publishedVersion</subfield>
        </datafield>
        <datafield tag="700" ind1=" " ind2=" ">
            <subfield code="0">(orcid)0000-0001-6016-4726</subfield>
            <subfield code="a">Martín Burriel, Inma</subfield>
            <subfield code="u">Universidad de Zaragoza</subfield>
        </datafield>
        <datafield tag="700" ind1=" " ind2=" ">
            <subfield code="a">Aspiroz, Carmen</subfield>
        </datafield>
        <datafield tag="700" ind1=" " ind2=" ">
            <subfield code="0">(orcid)0000-0001-5442-7702</subfield>
            <subfield code="a">Mainar Jaime, Raul Carlos</subfield>
            <subfield code="u">Universidad de Zaragoza</subfield>
        </datafield>
        <datafield tag="700" ind1=" " ind2=" ">
            <subfield code="a">Robres, Pilar</subfield>
        </datafield>
        <datafield tag="700" ind1=" " ind2=" ">
            <subfield code="0">(orcid)0000-0002-4213-2904</subfield>
            <subfield code="a">Sevilla, Eloísa</subfield>
            <subfield code="u">Universidad de Zaragoza</subfield>
        </datafield>
        <datafield tag="700" ind1=" " ind2=" ">
            <subfield code="a">Kuijper, Ed</subfield>
        </datafield>
        <datafield tag="700" ind1=" " ind2=" ">
            <subfield code="a">Chirino Trejo, Manuel</subfield>
        </datafield>
        <datafield tag="700" ind1=" " ind2=" ">
            <subfield code="0">(orcid)0000-0002-2746-3932</subfield>
            <subfield code="a">Bolea, Rosa</subfield>
            <subfield code="u">Universidad de Zaragoza</subfield>
        </datafield>
        <datafield tag="710" ind1="2" ind2=" ">
            <subfield code="1">1001</subfield>
            <subfield code="2">420</subfield>
            <subfield code="a">Universidad de Zaragoza</subfield>
            <subfield code="b">Dpto. Anatom.,Embri.Genét.Ani.</subfield>
            <subfield code="c">Área Genética</subfield>
        </datafield>
        <datafield tag="710" ind1="2" ind2=" ">
            <subfield code="1">1009</subfield>
            <subfield code="2">773</subfield>
            <subfield code="a">Universidad de Zaragoza</subfield>
            <subfield code="b">Dpto. Patología Animal</subfield>
            <subfield code="c">Área Sanidad Animal</subfield>
        </datafield>
        <datafield tag="773" ind1=" " ind2=" ">
            <subfield code="g">111, 5 (2019), 338-344</subfield>
            <subfield code="p">Rev. esp. enferm. dig.</subfield>
            <subfield code="t">REVISTA ESPANOLA DE ENFERMEDADES DIGESTIVAS</subfield>
            <subfield code="x">1130-0108</subfield>
        </datafield>
        <datafield tag="856" ind1="4" ind2=" ">
            <subfield code="s">615969</subfield>
            <subfield code="u">http://zaguan.unizar.es/record/96021/files/texto_completo.pdf</subfield>
            <subfield code="y">Versión publicada</subfield>
        </datafield>
        <datafield tag="856" ind1="4" ind2=" ">
            <subfield code="s">24782</subfield>
            <subfield code="u">http://zaguan.unizar.es/record/96021/files/texto_completo.jpg?subformat=icon</subfield>
            <subfield code="x">icon</subfield>
            <subfield code="y">Versión publicada</subfield>
        </datafield>
        <datafield tag="909" ind1="C" ind2="O">
            <subfield code="o">oai:zaguan.unizar.es:96021</subfield>
            <subfield code="p">articulos</subfield>
            <subfield code="p">driver</subfield>
        </datafield>
        <datafield tag="951" ind1=" " ind2=" ">
            <subfield code="a">2020-10-29-14:06:21</subfield>
        </datafield>
        <datafield tag="980" ind1=" " ind2=" ">
            <subfield code="a">ARTICLE</subfield>
        </datafield>
    </record>

    
</collection>